000 00435nam a22001577a 4500
999 _c8450
_d8450
008 201124b ||||| |||| 00| 0 eng d
040 _aBMS College of Architecture
100 _aK.V, Nadashree
245 _aGurukul
300 _a36p.
500 _a1BM14AT052
502 _8B,Arch
_NBMS College of Architecture, Visvesvaraya Technological University (VTU)
_aProject report
_d2018
650 _aNA
700 _aNA
942 _2ddc
_cTHE